000 00428nam a2200181Ia 4500
001 2465
005 20260306144809.0
008 260306t2017||||xx |||||||||||||| ||spa||
041 _aESP
082 _a616.89
_bW42
100 _aWeiss Roberts, Laura
_eAUT
245 0 _aGuía de estudio del DSM-5
260 _c2017
300 _axvii, 534 páginas :
_c25 cm.
650 _aGEN
654 _aCPS
942 _cLIB
_dJUS
_fJUS
_2ddc
_n
999 _c2465
_d2465